000 00723nam a2200241 i 4500
001 C2-0243316
003 PPAK
005 20180727205025.0
008 021020s1992 my |||| ||||| | may d
040 _aPPAK
_beng
_cPPAK
_erda
082 0 4 _a370.15
_223
090 0 0 _a370.15
_bMOH
_dKAM
100 0 _aMohyani bt. Razikin,
_cDr.
_eauthor
245 1 0 _aPengurusan hal-ehwal pelajar luar negeri :
_bkes Los Angeles, Amerika Syarikat
264 1 _aSelangor :
_bKementerian Pendidikan Malaysia ,
_c1992
300 _a14 pages ;
_c30 cm
336 _2rdacontent
_atext
337 _2rdamedia
_aunmediated
338 _2rdacarrier
_avolume
500 _aKertas Kerja 34
650 1 0 _aStudents - Psychology
942 _ddc
_cB
999 _c57880
_d57880